00576nam a22001937a 450000500170000000800410001704000230005810000220008124500950010326000310019830000180022950000240024760000200027160000200029165000180031165000200032965000150034965000180036420241125093009.0240214b |||||||| |||| 00| 0 eng d aKMUcKMUdKMUerda aDr.R.R.Majula,PhD aThe promotion of economic, social and Cultural rights in Sub-Sahara b/cDr.R.R.Majula,PhD aLusaka:bARTPERFECT,c2014 a142 P.:c21cm aIncludes references 2Cultural Rights 2Economic Rights 2social Rights 2Cultural Rights 2Sub-Sahara 2Social Rights